Изменения структурных параметров молекул асфальтенов в зависимости от состава дисперсионной среды метанового типа; Перспективы развития фундаментальных наук
| Parent link: | Перспективы развития фундаментальных наук.— 2015.— [С. 556-558] |
|---|---|
| Autor principal: | |
| Autor corporatiu: | |
| Altres autors: | , , |
| Sumari: | Заглавие с экрана The changes in the structure of high-molecular compounds - asphaltenes, depending on the composition of the dispersion medium oil for model systems methane type are studied. It has been shown that increasing the proportion of aromatic hydrocarbons in disperse medium leads to changes in structurally group characteristics of average asphaltene molecules: molecular weight, number of aromatic and naphthenic cycles, the number of structural units per molecule. |
| Idioma: | rus |
| Publicat: |
2015
|
| Col·lecció: | Химия |
| Matèries: | |
| Accés en línia: | http://earchive.tpu.ru/handle/11683/19194 http://www.lib.tpu.ru/fulltext/c/2015/C21/175.pdf |
| Format: | MixedMaterials Electrònic Capítol de llibre |
| KOHA link: | https://koha.lib.tpu.ru/cgi-bin/koha/opac-detail.pl?biblionumber=613044 |
MARC
| LEADER | 00000naa2a2200000 4500 | ||
|---|---|---|---|
| 001 | 613044 | ||
| 005 | 20240112144852.0 | ||
| 035 | |a (RuTPU)RU\TPU\conf\11175 | ||
| 035 | |a RU\TPU\conf\11165 | ||
| 090 | |a 613044 | ||
| 100 | |a 20150706d2015 k y0rusy50 ca | ||
| 101 | 0 | |a rus | |
| 102 | |a RU | ||
| 105 | |a a z 101zy | ||
| 135 | |a drgn ---uucaa | ||
| 181 | 0 | |a i | |
| 182 | 0 | |a b | |
| 200 | 1 | |a Изменения структурных параметров молекул асфальтенов в зависимости от состава дисперсионной среды метанового типа |d Changes in structural parameters of the asphaltene molecules depending on disperse medium composition of the methane type |f В. С. Шаманаева, М. В. Можайская, Е. В. Бешагина |g науч. рук. Г. С. Певнева | |
| 203 | |a Текст |c электронный | ||
| 215 | |a 1 файл(2.1 Мб) | ||
| 225 | 1 | |a Химия | |
| 300 | |a Заглавие с экрана | ||
| 320 | |a [Библиогр.: с. 558 (5 назв.)] | ||
| 330 | |a The changes in the structure of high-molecular compounds - asphaltenes, depending on the composition of the dispersion medium oil for model systems methane type are studied. It has been shown that increasing the proportion of aromatic hydrocarbons in disperse medium leads to changes in structurally group characteristics of average asphaltene molecules: molecular weight, number of aromatic and naphthenic cycles, the number of structural units per molecule. | ||
| 337 | |a Adobe Reader | ||
| 463 | 1 | |0 (RuTPU)RU\TPU\conf\10376 |t Перспективы развития фундаментальных наук |l Prospects of fundamental sciences development |o сборник научных трудов XII Международной конференция студентов и молодых ученых, г. Томск, 21-24 апреля 2015 г. |f Национальный исследовательский Томский политехнический университет (ТПУ) ; Национальный исследовательский Томский государственный университет (ТГУ) ; Томский государственный архитектурно-строительный университет (ТГАСУ) ; Томский государственный университет систем управления и радиоэлектроники (ТУСУР) ; ред. кол. И. А. Курзина ; Г. А. Воронова ; С. А. Поробова |v [С. 556-558] |d 2015 | |
| 510 | 1 | |a Changes in structural parameters of the asphaltene molecules depending on disperse medium composition of the methane type |z eng | |
| 610 | 1 | |a электронный ресурс | |
| 610 | 1 | |a труды учёных ТПУ | |
| 610 | 1 | |a структурные параметры | |
| 610 | 1 | |a асфальтены | |
| 610 | 1 | |a дисперсионные среды | |
| 610 | 1 | |a метановые углеводороды | |
| 700 | 1 | |a Шаманаева |b В. С. |g Вера Сергеевна | |
| 701 | 1 | |a Можайская |b М. В. |g Марина Владимировна | |
| 701 | 1 | |a Бешагина |b Е. В. |c химик-технолог |c доцент Томского политехнического университета, кандидат химических наук |f 1983- |g Евгения Владимировна |3 (RuTPU)RU\TPU\pers\25265 |9 11298 | |
| 702 | 1 | |a Певнева |b Г. С. |4 727 | |
| 712 | 0 | 2 | |a Национальный исследовательский Томский политехнический университет (ТПУ) |b Институт природных ресурсов (ИПР) |b Кафедра химической технологии топлива и химической кибернетики (ХТТ) |3 (RuTPU)RU\TPU\col\18665 |
| 801 | 1 | |a RU |b 63413507 |c 20101016 | |
| 801 | 2 | |a RU |b 63413507 |c 20210128 |g RCR | |
| 856 | 4 | |u http://earchive.tpu.ru/handle/11683/19194 | |
| 856 | 4 | |u http://www.lib.tpu.ru/fulltext/c/2015/C21/175.pdf | |
| 942 | |c BK | ||